00714cam a2200229 i 45000010008000000030006000080050017000140080041000310100017000720150015000890200032001040400018001360500019001540820016001731000024001892450110002132600045003233000020003685040025003886000021004136100050004341839664GBCCL20241126110402.0810114s1980 enk b 000 0 eng  a 80515319  aGB80-11745 a0851102360 (pbk.) :c£0.60 aDLCcDLCdDLC00aBX9750.S4bA4400a289.96bALL1 aAllan, John,d1950-14aThe rising of the Moon :ban examination of Sun Myung Moon and his Unification Church /c[by] John Allan. aLeicester :bInter-Varsity Press,c1980. a62 p. ;c18 cm. aBibliography: p. 62.10aMoon, Sun Myung.20aUnification ChurchxControversial literature.